The blast of war 1939 - 1945

में बचाया:
ग्रंथसूची विवरण
मुख्य लेखक: MacMillan, Harold
स्वरूप: पुस्तक
भाषा:Undetermined
प्रकाशित: London Macmillan 1967
विषय:
टैग : टैग जोड़ें
कोई टैग नहीं, इस रिकॉर्ड को टैग करने वाले पहले व्यक्ति बनें!
Thư viện lưu trữ: Trung tâm Học liệu Trường Đại học Cần Thơ
LEADER 00529nam a2200205Ia 4500
001 CTU_83887
008 210402s9999 xx 000 0 und d
082 |a 940.5342 
082 |b M167 
100 |a MacMillan, Harold 
245 4 |a The blast of war 1939 - 1945 
245 0 |c Harold Macmillan 
260 |a London 
260 |b Macmillan 
260 |c 1967 
650 |a World war 
650 |y 1939 - 1945 
650 |z Great Britain 
904 |i Vương, Qhieu 
980 |a Trung tâm Học liệu Trường Đại học Cần Thơ